Central Library OPAC University of Rajshahi

Guide to tables in mathematical statistics / (Record no. 8386)

MARC details
000 -LEADER
fixed length control field 01292cam a2200289 4500
001 - CONTROL NUMBER
control field 8386
003 - CONTROL NUMBER IDENTIFIER
rucl marc code BD-RjUL
005 - DATE AND TIME OF LATEST TRANSACTION
control field 20211208234559.0
008 - FIXED-LENGTH DATA ELEMENTS--GENERAL INFORMATION
fixed length control field 140118s1962 njua bis 00110 engm
035 ## - SYSTEM CONTROL NUMBER
System control number (BD-RjUL)8431
040 ## - CATALOGING SOURCE
Original cataloging agency DLC
Transcribing agency DLC
Modifying agency m.c.
-- BOS
-- BD-RjUL
Language of cataloging eng
041 ## - LANGUAGE CODE
Language code of text/sound track or separate title eng
082 ## - DEWEY DECIMAL CLASSIFICATION NUMBER
Classification number 519.5
Author mark and year GRG 1962
100 1# - MAIN ENTRY--PERSONAL NAME
Personal name Greenwood, J. Arthur
Fuller form of name (Joseph Arthur),
Dates associated with a name 1926-
9 (RLIN) 26113
245 10 - TITLE STATEMENT
Title Guide to tables in mathematical statistics /
Statement of responsibility, etc. [by] J. Arthur Greenwood [and] H. O. Hartley.
260 ## - PUBLICATION, DISTRIBUTION, ETC. (IMPRINT)
Place of publication, distribution, etc. Princeton, N.J. :
Name of publisher, distributor, etc. Princeton University Press,
Date of publication, distribution, etc. c1962.
300 ## - PHYSICAL DESCRIPTION
Pagination lxii, 1014 p. :
Illustrations diagrs. ;
Size 27 cm.
500 ## - GENERAL NOTE
General note "A sequel to the guides to mathematical tables produced by and for the Committee on Mathematical Tables and Aids to Computation of the National Academy of Sciences-National Research Council of the United States, viz: number theory (D. H. Lehmer 1941); Bessel functions (Bateman & Archibald 1944); elliptic functions (Fletcher 1948)"
504 ## - BIBLIOGRAPHY, ETC. NOTE
Bibliography, etc Includes Index.
650 #0 - SUBJECT ADDED ENTRY--TOPICAL TERM
Topical term or geographic name as entry element Mathematical statistics
General subdivision Tables
-- Bibliography.
9 (RLIN) 26114
Topical term or geographic name as entry element Mathematical statistics
General subdivision Tables
-- Indexes.
9 (RLIN) 26115
700 1# - ADDED ENTRY--PERSONAL NAME
Personal name Hartley, H. O.
942 ## - ADDED ENTRY ELEMENTS (KOHA)
Source of classification or shelving scheme Dewey Decimal Classification
Koha item type Books
Holdings
Lost status Source of classification or shelving scheme Damaged status Not for loan Collection code Permanent Location Current Location Shelving location Date acquired Source of acquisition Cost, normal purchase price Total Checkouts Full call number Date last seen Copy number Koha item type
  Dewey Decimal Classification   Not For Loan Non-fiction Central Library, University of Rajshahi Central Library, University of Rajshahi   24/11/1965 zeit 68.00   519.5 GRG 1962 18/01/2014 C-1 Books
  Dewey Decimal Classification     Non-fiction Central Library, University of Rajshahi Central Library, University of Rajshahi   24/11/1965 Zeit     519.5 GRG 1962 31/08/2016 C-2 Books
  Dewey Decimal Classification     Non-fiction Central Library, University of Rajshahi Central Library, University of Rajshahi   28/11/1967 Zeetlinger 68.00   519.5 GRG 1962 03/10/2016 C-3 Books